Lexicografía hispánica = The Routledge Handbook of Spanish Lexicography.
Guardat en:
| Altres autors: | , , |
|---|---|
| Format: | Llibre |
| Publicat: |
Abingdon, Oxon, Reino Unido; Nueva York, Estados Unidos:
Routledge,
2023.
|
| Col·lecció: | Routledge Spanish Language Handbooks.
|
| Matèries: | |
| Etiquetes: |
Afegir etiqueta
Sense etiquetes, Sigues el primer a etiquetar aquest registre!
|
MARC
| LEADER | 00000nam a22000007a 4500 | ||
|---|---|---|---|
| 003 | CL-VaPUC | ||
| 005 | 20250312150514.0 | ||
| 008 | 250303t2023 ||||| |||| 00| 0 eng d | ||
| 999 | |c 447054 |d 447052 | ||
| 020 | |a 9781032309378 | ||
| 040 | |c Pontificia Universidad Católica de Valparaíso | ||
| 082 | |a 463.028 TOR 2023 |2 23 | ||
| 100 | |9 472567 |a Torner, Sergi |e editor | ||
| 245 | |a Lexicografía hispánica = The Routledge Handbook of Spanish Lexicography. | ||
| 260 | |a Abingdon, Oxon, Reino Unido; |a Nueva York, Estados Unidos: |b Routledge, |c 2023. | ||
| 300 | |a xxiv, 842 páginas. | ||
| 490 | |a Routledge Spanish Language Handbooks. | ||
| 500 | |a c.1. Donación Profesora Irene Renau. MEMO Biblioteca Mayor de Filosofía y Educación.16-12-2024. | ||
| 583 | |c 20250303 |k Gabriela Rodríguez Cuevas | ||
| 650 | 0 | |9 314728 |a Lengua española |x Lexicografía | |
| 700 | |9 889351 |a Battaner, Paz |e editora | ||
| 700 | |9 896240 |a Renau, Irene |e editora | ||
| 942 | |2 ddc |c BK | ||
| 952 | |0 0 |1 0 |2 ddc |4 0 |6 463_028000000000000_TOR_2023 |7 0 |8 A |9 600487 |a BIBEDU |b BIBEDU |c S_PSTGRDO |d 2025-03-03 |e Donación |i 5665379 |o 463.028 TOR 2023 |p 5665379 |r 2025-03-03 |t 1 |w 2025-03-03 |y BK |k MLA | ||